Getting the most from online learning
Saved in:
| Format: | Book |
|---|---|
| Published: |
Pfeiffer
2004
|
| Tags: |
Add Tag
No Tags, Be the first to tag this record!
|
| Institutions: | Mạng thư viện Đại học Đà Nẵng |
|---|
| LEADER | 00525nam a2200217 a 4500 | ||
|---|---|---|---|
| 001 | 000029839 | ||
| 003 | 31241 | ||
| 005 | 20171030145630.0 | ||
| 008 | 171030s2004 | ||
| 040 | |a LTT | ||
| 082 | 0 | |a 371.33 |b Ge-M | |
| 245 | 0 | 0 | |a Getting the most from online learning |c George M. Piskurich,editor. |
| 260 | |b Pfeiffer |c 2004 | ||
| 500 | |a ASIA | ||
| OWN | |a LTT | ||
| 999 | |a From the UDN01 | ||
| TYP | |a Monograph | ||
| TYP | |a Printed language | ||
| 980 | |a Mạng thư viện Đại học Đà Nẵng | ||